| 000 | 00000nam 2200000za 4500 |
| 001 | 9.800598 |
| 003 | CaOODSP |
| 005 | 20250505104436 |
| 007 | cr ||||||||||| |
| 008 | 150508s2015||||xxc|||||o f|0| 0 kor d |
| 020 | |a978-0-662-03896-2 |
| 040 | |aCaOODSP|beng |
| 043 | |an-cn--- |
| 086 | 1 |aPS38-49/2015Kor-PDF|zPS38-49/2015Ko-PDF |
| 245 | 00|a[Information for people detained under the Immigration and Refugee Protection Act] |h[electronic resource]. |
| 250 | |a[Korean edition]. |
| 260 | |aOttawa : |bCanada Border Services Agency, |cc2015. |
| 300 | |a4 p. |
| 500 | |aEnglish title supplied by the publisher. |
| 546 | |aText in Korean. |
| 692 | 07|2gccst|aImmigrants |
| 692 | 07|2gccst|aRefugees |
| 710 | 2 |aCanada Border Services Agency. |
| 775 | 08|tInformation for people detained under the Immigration and Refugee Protection Act |w(CaOODSP)9.800548 |
| 792 | |t[Renseignements à l'intention des personnes détenues en vertu de la Loi sur l'immigration et la protection des réfugiés] |efre|w(CaOODSP)9.800599 |
| 856 | 40|qPDF|s759 KB|uhttps://publications.gc.ca/collections/collection_2015/asfc-cbsa/PS38-49-2015-kor.pdf |
| 986 | |aBSF5012-5 (Korean) |